Ekonomika i organizacja przedsiebiorstw budowlanych
Na minha lista:
| Autor principal: | |
|---|---|
| Outros Autores: | |
| Formato: | Livro |
| Idioma: | polonês |
| Publicado em: |
Katowice
Akademia Ekonomiczna im. Karola Adamieckiego
1979
|
| Tags: |
Sem tags, seja o primeiro a adicionar uma tag!
|
MARC
| LEADER | 00000nam a2200000 4500 | ||
|---|---|---|---|
| 001 | 0220482 | ||
| 005 | 20240822101657.9 | ||
| 041 | 0 | |a pol | |
| 044 | |a PL | ||
| 245 | 1 | 0 | |a Ekonomika i organizacja przedsiebiorstw budowlanych |c Antoni Kostyra, Henryk Walica |
| 264 | 1 | |a Katowice |b Akademia Ekonomiczna im. Karola Adamieckiego |c 1979 | |
| 300 | |a 279 s. | ||
| 100 | 1 | |a Kostyra, Antoni | |
| 700 | 1 | |a Walica, Henryk | |